| 000 | 00877nam a2200253Ia 4500 | ||
|---|---|---|---|
| 005 | 20250117103622.0 | ||
| 008 | 008 250103s9999 xx 000 0 eng d | ||
| 020 | _a9781774912614 | ||
| 037 | _aTextual | ||
| 040 |
_aCSL _beng _cCSL |
||
| 041 |
_aeng _2eng |
||
| 084 |
_aB2T0b895 R4 _qCSL |
||
| 100 |
_aChakraborty, Shankar _9731972 |
||
| 245 | 0 |
_aMulti-criteria decision-making methods in manufacturing environments: Models and applications _cChakraborty, Shankar |
|
| 260 |
_aBoca raton _bCRC New york _c2024 |
||
| 300 | _axxxii,417p. ill. | ||
| 650 |
_a Elimination et choice translating reality _9734252 |
||
| 650 |
_a Modified similarity index method _9734253 |
||
| 650 |
_a R method _9734254 |
||
| 650 |
_a Range value _9734255 |
||
| 650 |
_aAnalytic hierarchy process _9734256 |
||
| 942 |
_cTEXL _hB2T0b895 R4 |
||
| 999 |
_c1237898 _d1237898 |
||